00000000nam##2200000za#4500
0019.534757
003CaOODSP
00520210615083637
007ta
008150406|1999||||xxc|||||     f|0| 0 fre|d
040 |aCaOODSP|bfre
041 |aeng
041 |afre
043 |an-cn---
0861 |aNH14-1/0387
1102 |aSociété canadienne d'hypothèques et de logement.
24513|aLa densification résidentielle dans les centre communautaires ruraux / |cCommission d'aménagement Beaubassin Cap-Pelé (Nouvelle-Brunswick). Établi par Julie Tasker-Brown.
260 |aOttawa - Ontario : |bSociété canadienne d'hypothèques et de logement |c1999.
300 |aTexte français, ii, 15p. : |bill. ; |c28 cm.
4901 |aAbordabilité et choix toujours (ACT) projet de réforme de la réglementation|v0387
546 |aBilingue
563 |aCouverture souple
590 |a01-05|b2001-02-02
69107|aLogement|2gcpds
69107|aDéveloppement rural|2gcpds
69107|aCommunauté rurale|2gcpds
69107|aIndustrie de la construction|2gcpds
69107|aGestion du territoire|2gcpds
7201 |aTasker-Brown, Julie
7760#|tIncreasing housing in rural community centres / |w(CaOODSP)9.573396
791 |tIncreasing housing in rural community centres / |eeng|w(CaOODSP)9.534756
830#0|aAbordabilité et choix toujours (ACT) projet de réforme de la réglementation ;|v0387|w(CaOODSP)9.509541
986 |aPB 0387